| 000 -LEADER |
| fixed length control field |
01042cam a2200241Ia 4500 |
| 020 ## - INTERNATIONAL STANDARD BOOK NUMBER |
| ISBN |
9839054449 |
| 020 ## - INTERNATIONAL STANDARD BOOK NUMBER |
| ISBN |
9789839054446 |
| 040 ## - CATALOGING SOURCE |
| Transcribing agency |
SINTU |
| 082 ## - DEWEY DECIMAL CLASSIFICATION NUMBER |
| Classification number |
303 PAN 2005 A065 Or. |
| 245 00 - TITLE STATEMENT |
| Title |
Digital review of Asia Pacific 2005/2006 / |
| 246 10 - VARYING FORM OF TITLE |
| Title proper/short title |
Digital review of Asia Pacific |
| 260 ## - PUBLICATION, DISTRIBUTION, ETC. (IMPRINT) |
| Place of publication |
Ottawa : |
| Name of publisher |
Pan Asia Networking Programme, International Development Research Centre ; |
| Place of publication |
Bangkok : |
| Name of publisher |
Asia-Pacific Development Information Programme, United Nations Development Programme ; |
| Place of publication |
Montreal, Canada : |
| Name of publisher |
ORBICOM, |
| Year of publication |
c2005. |
| 300 ## - PHYSICAL DESCRIPTION |
| Number of Pages |
xviii, 259 p. ; |
| Dimensions |
30 cm. + |
| Accompanying material |
1 CD-ROM (4 3/4 in.) |
| 500 ## - GENERAL NOTE |
| General note |
"This edition updates reports first published in the 2003/2004 edition of this publication." |
| 500 ## - GENERAL NOTE |
| General note |
Publisher: Claude-Yves Charron ; Published in association with: Southbound, Penang. |
| 500 ## - GENERAL NOTE |
| General note |
Chief editor: Chin Saik Yoon. |
| 650 #0 - SUBJECT ADDED ENTRY--TOPICAL TERM |
| Topical Term |
Information technology |
| 650 #0 - SUBJECT ADDED ENTRY--TOPICAL TERM |
| Topical Term |
Information technology |
| 650 #0 - SUBJECT ADDED ENTRY--TOPICAL TERM |
| Topical Term |
Information technology |
| 700 1# - ADDED ENTRY--PERSONAL NAME |
| Personal name |
Charron, Claude-Yves. |
| 700 1# - ADDED ENTRY--PERSONAL NAME |
| Personal name |
Yoon, Chin Saik. |
| 942 ## - ADDED ENTRY ELEMENTS (KOHA) |
| Koha item type |
សៀវភៅភាសាអង់គ្លេស |
| 952 ## - LOCATION AND ITEM INFORMATION (KOHA) |
| Withdrawn status [LOCAL, KOHA] |
0 |